000
00201 a2200097 4500
001
29119
100
_a
Smith W C
245
_a
Modern Islam in India
260
_a
_b
M Ashraf
_c
090
_c
19447
_d
19447
942
_a
NUST-CAE
_c
M
_c
10499
999
_c
264192
_d
264192